000 00927nam2a2200265 4500
001 RU\NLR\bibl\399244
005 20250630111255.0
010 _a5-94500-013-2
_9300
021 _aRU
_b2005-83879
_94146
035 _a(NLR Aleph) 000393444
090 _a530152
_c530152
100 _a20030514d2003 |||y0rusy50 ca
101 0 _arus
102 _aRU
105 _aa |||||||||
200 0 _aВып. 1
210 _d2003
215 _a101,[1] с.,[2] л. ил.
320 _aБиблиогр. в конце докл.
461 0 _1001RU\NLR\bibl\400709
_12001#$aЕлагинские чтения$vВып. 1
_9538695
_aЕлагинские чтения (1 ; 2001 ; Санкт-Петербург)
_cСПб.
_d2003
_nОстров
_o[Сб. докл.]
_tЕлагинские чтения
_vВып. 1
801 0 _aRU
_bNLR
_c20030514
_gPSBO
801 1 _aRU
_bNLR
_c20030514
942 _cBOOK
980 _aNB